Instrumentation fundamentals for process control /

Bibliographic Details
Main Author: DeSá, Douglas O. J.
Format: Book
Language:English
Published: New York : Taylor & Francis, 2001.
Subjects:

MARC

Tag First Indicator Second Indicator Subfields
LEADER 00000cam a22000004a 4500
001 in00001639421
005 20151023075937.0
008 000517s2001 nyua b 001 0 eng
010 |a  00041189  
020 |a 1560329017 (alk. paper) 
035 |a (OCoLC)ocm44162529 
040 |a DLC  |c DLC  |d C#P  |d UtOrBLW 
042 |a pcc 
049 |a TXAM 
050 0 0 |a TP155.75  |b .D4 2001 
082 0 0 |a 670.42/7  |2 21 
100 1 |a DeSá, Douglas O. J. 
245 1 0 |a Instrumentation fundamentals for process control /  |c Douglas O.J. deSá. 
264 1 |a New York :  |b Taylor & Francis,  |c 2001. 
300 |a xxxviii, 528 pages :  |b illustrations ;  |c 26 cm. 
336 |a text  |b txt  |2 rdacontent 
337 |a unmediated  |b n  |2 rdamedia 
338 |a volume  |b nc  |2 rdacarrier 
504 |a Includes bibliographical references (pages 519-520) and index. 
650 0 |a Chemical process control  |x Instruments. 
945 |i PromptCat 
945 |a PromptCat 
946 |a qatar 
947 |a Q14800036367 
948 |a cataloged  |b h  |c 2001/10/5  |d c  |e mphillip  |f 3:15:38 pm 
994 |a 92  |b TXA 
999 |a MARS 
999 f f |s 9f0ff04a-2ca1-34a3-86f4-f46b98d1b38b  |i 1958a0ae-6bc6-340e-9f66-59fca4809364  |t 0 
952 f f |p normal  |a Texas A&M University  |b College Station  |c Sterling C. Evans Library  |d Evans: Library Stacks  |t 0  |e TP155.75 .D4 2001  |h Library of Congress classification  |i unmediated -- volume  |m A14828100172 
998 f f |a TP155.75 .D4 2001  |t 0  |l Evans: Library Stacks